000 00360nam a2200145Ia 4500
008 100122s9999 xx 000 0 und d
082 _b11403
_a823
100 _aCHRISTIE AGATHA
245 _aMURDER AFTER HOURS
260 _bDELL PUBLISHING CO LTD
_c1960
300 _a256
630 _aMURDER AFTER HOURS
730 _aMURDER AFTER HOURS
942 _cBOOK
999 _c444253
_d444250